[Event "21st ch-EUR Indiv w 2021"]
[Site "Iasi ROU"]
[Date "2021.08.18"]
[Round "9.39"]
[White "Koubova, Anna Marie"]
[Black "Lehaci, Miruna-Daria"]
[Result "1/2-1/2"]
[BlackTitle "WFM"]
[WhiteElo "2073"]
[BlackElo "2267"]
[WhiteFideId "381470"]
[BlackFideId "1234765"]
[EventDate "2021.08.09"]

1. d4 d5 2. Nf3 e6 3. c4 a6 4. Nc3 dxc4 5. a4 Nc6 6. e3 Na5 7. Nd2 c5 8. Nxc4
Nxc4 9. Bxc4 cxd4 10. exd4 Nf6 11. O-O Be7 12. Bf4 O-O 13. Re1 Bd7 14. Qb3 Bc6
15. Rad1 Nd5 16. Be5 Qd7 17. a5 Rae8 18. Rd3 Nxc3 19. bxc3 Bd8 20. Rg3 g6 21.
Qb4 Bc7 22. Rge3 Bxe5 23. Rxe5 Kg7 24. Ba2 Rc8 25. Rd1 Qd8 26. c4 Qf6 27. Rde1
Rfd8 28. d5 exd5 29. cxd5 Bb5 30. Bb3 Rc7 31. R5e3 Kg8 32. h3 Qd6 33. Qh4 Rdc8
34. Qg5 Rc3 35. g3 Rxe3 36. Qxe3 Qb4 37. d6 Qxd6 38. Qe7 Qxe7 39. Rxe7 Rc1+ 40.
Kh2 Bc6 41. g4 Rc3 42. Bxf7+ Kf8 43. Rc7 Rf3 44. Bc4 Rxf2+ 45. Kg3 Rc2 46. Be6
Re2 47. Bc4 Rc2 48. Be6 h6 49. Bd5 Rc5 50. Bxc6 bxc6 51. Kf4 Ke8 52. Ke4 g5 53.
Kd4 Kd8 54. Rh7 Rxa5 55. Rxh6 Rd5+ 56. Kc4 Kc7 57. h4 gxh4 58. Rxh4 Rg5 59. Kb4
Kb6 60. Ka4 Re5 61. Kb4 a5+ 62. Kb3 Re4 63. Ka3 Rb4 64. Ka2 a4 65. Ka3 Rf4 66.
Ka2 Kb5 67. Rh5+ Kb4 68. g5 Rg4 69. Rh6 Rg2+ 70. Kb1 c5 71. Rb6+ Kc3 72. g6 c4
73. Ra6 Rg1+ 74. Ka2 Kb4 75. Rb6+ Kc5 76. Ra6 Kb5 77. Rf6 Rg3 78. Kb2 a3+ 79.
Ka2 Kb4 80. Rb6+ Kc3 81. Kxa3 Rg2 82. Rf6 Kc2 83. Kb4 c3 84. Rc6 Rg4+ 85. Rc4
Rxc4+ 86. Kxc4 Kb2 87. g7 1/2-1/2

[Event "21st ch-EUR Indiv w 2021"]
[Site "Iasi ROU"]
[Date "2021.08.18"]
[Round "9.40"]
[White "Abdulla, Khayala"]
[Black "Makropoulou, Marina"]
[Result "1/2-1/2"]
[WhiteTitle "WGM"]
[BlackTitle "WGM"]
[WhiteElo "2264"]
[BlackElo "2186"]
[WhiteFideId "13401807"]
[BlackFideId "4200187"]
[EventDate "2021.08.09"]

1. e4 c5 2. Nf3 e6 3. c4 Nc6 4. Nc3 a6 5. d4 cxd4 6. Nxd4 Qc7 7. Be3 Nf6 8. a3
b6 9. Be2 Bb7 10. f3 Nxd4 11. Bxd4 e5 12. Bf2 Bc5 13. O-O O-O 14. Rc1 d6 15. b4
Bxf2+ 16. Rxf2 Rfd8 17. Bf1 Qe7 18. Rd2 Rab8 19. Qe1 Ne8 20. Qe3 Nc7 21. Nd5
Nxd5 22. cxd5 Rdc8 23. Rdc2 Rxc2 24. Rxc2 Qd8 25. g3 Rc8 26. Rxc8 Bxc8 27. Qc3
Bb7 28. Bh3 h6 29. Kf2 Kh7 30. a4 Kg8 31. a5 Kf8 32. Bf1 Ke7 33. h4 Kf8 34. Ke3
g6 35. Kf2 Kg7 36. f4 f6 37. Qe3 bxa5 38. Qa7 Qa8 39. Qxa8 Bxa8 40. bxa5 Bb7 41.
fxe5 fxe5 42. Bh3 Kf6 43. Bd7 Ke7 44. Be6 h5 45. g4 Kf6 46. Kf3 Kg7 47. Kg3 Kf6
48. Bd7 Kf7 49. Kf2 Kg7 50. Be8 Kh6 51. Bd7 Kg7 52. Kf3 Kh6 53. Kg3 Kg7 54. Be8
Kh6 55. Ba4 Bc8 56. Bd1 Bd7 57. Be2 Bc8 58. Kh3 Bb7 59. Kg3 Bc8 60. Bf3 Bd7 61.
Be2 Bc8 1/2-1/2

[Event "21st ch-EUR Indiv w 2021"]
[Site "Iasi ROU"]
[Date "2021.08.18"]
[Round "9.41"]
[White "Levitan, Ronit"]
[Black "Havanecz, Bianka"]
[Result "0-1"]
[WhiteTitle "WCM"]
[BlackTitle "WIM"]
[WhiteElo "2012"]
[BlackElo "2257"]
[WhiteFideId "2815109"]
[BlackFideId "704814"]
[EventDate "2021.08.09"]

1. e4 e5 2. Nf3 Nc6 3. Bc4 Bc5 4. c3 Nf6 5. d3 O-O 6. O-O d5 7. exd5 Nxd5 8. a4
a5 9. Re1 Bg4 10. Nbd2 Bb6 11. h3 Bh5 12. Ne4 Re8 13. Ng3 Bg6 14. d4 e4 15. Nh2
Qd6 16. Nhf1 Rad8 17. Ne3 Nce7 18. h4 h6 19. h5 Bh7 20. Qg4 Nf6 21. Qh4 c5 22.
Ba2 Bc7 23. Nc4 Qc6 24. Ne5 Bxe5 25. dxe5 Nd7 26. e6 fxe6 27. Qg4 Nf6 28. Qxe6+
Qxe6 29. Bxe6+ Kf8 30. Be3 b6 31. Bc4 Ned5 32. Bxd5 Rxd5 33. Rad1 Red8 34. Rxd5
Rxd5 35. Kf1 Kf7 36. Bf4 Rd7 37. Ke2 Ke6 38. f3 exf3+ 39. Kxf3+ Kd5 40. Re5+ Kc4
41. Re6 Nd5 42. Ne4 Kb3 43. Rd6 Rxd6 44. Bxd6 Kxa4 45. Bf8 g6 46. hxg6 Bxg6 47.
Bxh6 Kb3 48. Bg7 a4 49. Nd2+ Kc2 50. Nc4 Bd3 51. Na3+ Kb3 52. c4 Bxc4 53. Nxc4
Kxc4 54. g4 b5 55. g5 b4 56. Be5 Ne7 57. Ke2 Ng6 58. Bf6 Kb3 59. Kd2 c4 60. Bg7
a3 61. bxa3 c3+ 62. Kc1 Nf4 0-1

[Event "21st ch-EUR Indiv w 2021"]
[Site "Iasi ROU"]
[Date "2021.08.18"]
[Round "9.42"]
[White "Mikheeva, Galina"]
[Black "Dornbusch, Tatiana"]
[Result "0-1"]
[WhiteTitle "WFM"]
[BlackTitle "WGM"]
[WhiteElo "1968"]
[BlackElo "2249"]
[WhiteFideId "44108320"]
[BlackFideId "14107449"]
[EventDate "2021.08.09"]

1. d4 Nf6 2. Bf4 c5 3. e3 g6 4. Nc3 cxd4 5. exd4 Bg7 6. h4 d6 7. Qd2 Qa5 8. Bc4
Nc6 9. Nge2 d5 10. Nxd5 Qxd2+ 11. Bxd2 Nxd5 12. Bxd5 Nxd4 13. Nxd4 Bxd4 14. c3
Bg7 15. O-O-O O-O 16. h5 Rb8 17. h6 Bf6 18. Bf4 e5 19. Be3 b6 20. f3 Rd8 21. g4
Bb7 22. Bxb7 Rxb7 23. g5 Be7 24. Rxd8+ Bxd8 25. Rd1 Be7 26. Kc2 f5 27. f4 e4 28.
Rd5 Kf7 29. a4 Ke6 30. Re5+ Kd7 31. b4 Bd6 32. Rd5 Kc6 33. Rd1 a6 34. Kb3 Rd7
35. c4 Kc7 36. c5 bxc5 37. bxc5 Be7 38. Rxd7+ Kxd7 39. Kc4 Kc6 40. Bd4 Bd8 41.
Be3 Ba5 42. Bc1 Be1 43. Be3 a5 44. Kd4 Bb4 45. Ke5 Bxc5 46. Bd2 e3 47. Bxa5 Bd6+
48. Kf6 Bxf4 49. Be1 Bd6 50. Kg7 f4 51. Kxh7 f3 52. Kxg6 f2 53. Bc3 f1=Q 54. h7
Qd3+ 0-1

[Event "21st ch-EUR Indiv w 2021"]
[Site "Iasi ROU"]
[Date "2021.08.18"]
[Round "9.43"]
[White "Krasteva, Beloslava"]
[Black "Grigorieva, Yulia"]
[Result "0-1"]
[WhiteTitle "FM"]
[BlackTitle "WFM"]
[WhiteElo "2243"]
[BlackElo "2140"]
[WhiteFideId "2922029"]
[BlackFideId "34104868"]
[EventDate "2021.08.09"]

1. d4 Nf6 2. c4 e6 3. Nc3 Bb4 4. e3 O-O 5. Bd3 c5 6. Ne2 d5 7. cxd5 cxd4 8. exd4
Qxd5 9. O-O Qh5 10. Ne4 Nxe4 11. Bxe4 Nc6 12. Qd3 Rd8 13. Nf4 Qh4 14. g3 Qf6 15.
Bxh7+ Kf8 16. Be4 Nxd4 17. Qc4 Be7 18. Be3 g5 19. Rad1 gxf4 20. Bxd4 e5 21. Bc3
Bg4 22. Rxd8+ Rxd8 23. Qb5 Bd6 24. Re1 b6 25. Bg2 fxg3 26. hxg3 Bc5 27. Qf1 Bd4
28. Bxd4 exd4 29. Qd3 Bf5 30. Be4 Qe5 31. Kg2 Re8 32. f3 Bg6 33. Rd1 Bxe4 34.
fxe4 Qxe4+ 35. Qxe4 Rxe4 36. Kf3 Re3+ 37. Kf2 Re4 38. Rd3 Ke7 39. Ra3 a5 40. Rb3
Re6 41. Rb5 Kd7 42. Rd5+ Rd6 43. Rf5 Ke6 44. Rf3 Rc6 45. Ke1 Rc2 46. Rb3 Ke5 47.
Rxb6 Ke4 48. Kd1 Rg2 49. Rb3 a4 50. Rb7 f5 51. Ra7 Ke3 52. Re7+ Kd3 53. Ke1 Rxb2
54. Rf7 Rxa2 55. Rxf5 a3 56. Ra5 Kc3 57. Rc5+ Kb4 58. Rd5 Kc4 59. Ra5 Kb3 60. g4
Rh2 61. Kf1 a2 62. Kg1 Rc2 63. g5 Rc1+ 0-1

[Event "21st ch-EUR Indiv w 2021"]
[Site "Iasi ROU"]
[Date "2021.08.18"]
[Round "9.44"]
[White "Hapala, Elisabeth"]
[Black "Nastase, Andreea-Cristina"]
[Result "1-0"]
[WhiteTitle "WFM"]
[BlackTitle "WFM"]
[WhiteElo "2160"]
[BlackElo "2074"]
[WhiteFideId "1622080"]
[BlackFideId "1221183"]
[EventDate "2021.08.09"]

1. e4 c5 2. Nf3 d6 3. d4 cxd4 4. Nxd4 Nf6 5. Nc3 a6 6. h3 e5 7. Nb3 h5 8. Bg5
Be6 9. Be2 Nbd7 10. f4 Qc7 11. O-O Be7 12. Kh1 b5 13. a4 b4 14. Nd5 Bxd5 15.
exd5 Ne4 16. Qd3 Nxg5 17. fxg5 Bxg5 18. Rf5 f6 19. Raf1 Nf8 20. Qe4 g6 21. R5f2
Qb6 22. a5 Qb7 23. Rxf6 Bxf6 24. Rxf6 Qe7 25. Rf1 g5 26. Qxb4 g4 27. Qb6 Nd7 28.
Qc6 Rd8 29. Qxa6 gxh3 30. gxh3 Qh4 31. Qd3 Rg8 32. Qf5 Rb8 33. Qf7+ Kd8 34.
Qxg8+ Kc7 35. Qg2 Nf6 36. Qg7+ Nd7 37. Kh2 Qe4 38. Qg2 Qh7 39. Rf3 Rg8 40. Rg3
Rf8 41. Rg7 Qf5 42. Bb5 1-0

[Event "21st ch-EUR Indiv w 2021"]
[Site "Iasi ROU"]
[Date "2021.08.18"]
[Round "9.45"]
[White "Efroimski, Marsel"]
[Black "Tamrazyan, Gohar"]
[Result "1-0"]
[WhiteTitle "IM"]
[WhiteElo "2446"]
[BlackElo "1973"]
[WhiteFideId "2810964"]
[BlackFideId "1330799"]
[EventDate "2021.08.09"]

1. e4 c5 2. Nf3 Nc6 3. d4 cxd4 4. Nxd4 e5 5. Nb5 d6 6. N1c3 a6 7. Na3 b5 8. Nd5
Nge7 9. Bd3 Nxd5 10. exd5 Ne7 11. c4 g6 12. O-O Bg7 13. cxb5 O-O 14. Re1 f5 15.
bxa6 f4 16. Nb5 Nf5 17. a7 Nh4 18. Bf1 Ba6 19. a4 Bxb5 20. Bxb5 Rxa7 21. Ra3 Qb6
22. Bd2 Nf5 23. Bc3 Bf6 24. b4 Bh4 25. Qd2 Nh6 26. Bb2 Ng4 27. Rf3 Rc7 28. Bc6
Rg7 29. a5 Qd8 30. a6 Qb6 31. b5 Nf6 32. Bc3 g5 33. Rh3 Ne8 34. g3 fxg3 35. hxg3
Rgf7 36. Qe3 Qxe3 37. fxe3 Rf3 38. Bxe8 Rxe8 39. Kg2 Ref8 40. gxh4 Rf2+ 41. Kg1
g4 42. Rg3 h5 43. Rg2 R2f3 44. a7 1-0

[Event "21st ch-EUR Indiv w 2021"]
[Site "Iasi ROU"]
[Date "2021.08.18"]
[Round "9.46"]
[White "Novosadova, Kristyna"]
[Black "Pancu, Aureliana-Eugenia"]
[Result "1-0"]
[WhiteTitle "WIM"]
[WhiteElo "2138"]
[BlackElo "1862"]
[WhiteFideId "328065"]
[BlackFideId "1226355"]
[EventDate "2021.08.09"]

1. e4 e6 2. d4 d5 3. Nc3 Nf6 4. Bg5 Bb4 5. e5 h6 6. Bd2 Bxc3 7. bxc3 Ne4 8. Qg4
Nxd2 9. Qxg7 Rf8 10. Kxd2 Qg5+ 11. Qxg5 hxg5 12. g3 f6 13. f4 c5 14. Be2 gxf4
15. gxf4 Ke7 16. Nf3 Nc6 17. Rag1 Bd7 18. Rg7+ Rf7 19. Rhg1 Rf8 20. exf6+ Kxf6
21. R1g6+ Ke7 22. dxc5 Kd8 23. Rxf7 Rxf7 24. Ke3 Rh7 25. h4 Ne7 26. Rg1 Nf5+ 27.
Kf2 Rh8 28. Rh1 Be8 29. Nd4 Rxh4 30. Rxh4 Nxh4 31. Nxe6+ Ke7 32. Nd4 Ng6 33. Ke3
Nf8 34. Bg4 Bd7 35. Bxd7 Nxd7 36. c6 bxc6 37. Nxc6+ Kd6 38. Nxa7 Kc5 39. Kd3 Nb6
40. f5 Nc4 41. Nc8 Ne5+ 42. Ke3 Kc4 43. Ne7 Ng4+ 44. Kf4 Nh6 45. f6 Nf7 46. a4
Kc5 47. Kf5 d4 48. cxd4+ Kxd4 49. Nc6+ Kc5 50. Ne5 Nd6+ 51. Ke6 Ne4 52. f7 Ng5+
53. Ke7 Nxf7 54. Nd3+ 1-0

[Event "21st ch-EUR Indiv w 2021"]
[Site "Iasi ROU"]
[Date "2021.08.18"]
[Round "9.47"]
[White "Babayeva, Nasrin"]
[Black "Schloffer, Jasmin-Denise"]
[Result "1-0"]
[BlackTitle "WFM"]
[WhiteElo "1889"]
[BlackElo "2070"]
[WhiteFideId "13416626"]
[BlackFideId "1631209"]
[EventDate "2021.08.09"]

1. c4 Nf6 2. g3 e6 3. Bg2 d5 4. Nf3 d4 5. O-O c5 6. b3 Nc6 7. e3 e5 8. exd4 exd4
9. Re1+ Be7 10. Ne5 Nxe5 11. Rxe5 O-O 12. d3 Bd6 13. Re1 Rb8 14. Bb2 Bf5 15. Qc2
Qd7 16. Nd2 Rfe8 17. b4 cxb4 18. Bxd4 Be7 19. Nf3 Rbc8 20. Qb2 a5 21. Re5 Bxd3
22. Rxa5 Qc7 23. Ra7 Be4 24. Re1 Bc5 25. Bxc5 Qxc5 26. Ra4 Bxf3 27. Rxe8+ Rxe8
28. Bxf3 Re1+ 29. Kg2 Qxc4 30. Ra8+ Ne8 31. g4 h5 32. Qd2 Re5 33. Qd7 Qe6 34.
Qxe6 Rxe6 35. gxh5 Kf8 36. Bxb7 Ke7 37. Bd5 Rf6 38. Ra7+ Kf8 39. Rb7 Rf5 40. Bb3
Nd6 41. Rxb4 Rg5+ 42. Kf3 Rxh5 43. h4 g5 44. hxg5 Rxg5 45. a4 Ke7 46. Rd4 Rc5
47. Ke2 Re5+ 48. Kd3 Rf5 49. f4 Kd7 50. Kc3 Kc7 51. Kb4 Nb7 52. Bc2 Rh5 53. Rc4+
Kb6 54. Rd4 Rh4 55. Bb3 Na5 56. Bd5 Nc6+ 57. Bxc6 Kxc6 58. Rc4+ Kb7 59. Re4 Kc6
60. a5 Rh1 61. Rc4+ Kb7 62. Kb5 Rb1+ 63. Rb4 Rc1 64. Rc4 Rb1+ 65. Kc5 Ra1 66.
Kd6 Rxa5 67. Rc7+ Kb6 68. Rxf7 Ra1 69. f5 Rd1+ 70. Ke7 Kc6 71. Rf6+ Kc7 72. Re6
Rd7+ 73. Kf8 Rd8+ 74. Re8 Rd6 75. Kf7 Rd1 76. f6 Kd7 77. Re4 Rd2 78. Rg4 Rf2 79.
Rd4+ Kc6 80. Ke6 Re2+ 81. Kf5 Kc5 82. Re4 Rf2+ 83. Rf4 Rg2 84. f7 1-0

[Event "21st ch-EUR Indiv w 2021"]
[Site "Iasi ROU"]
[Date "2021.08.18"]
[Round "9.48"]
[White "Matasaru, Stephanie"]
[Black "Tsirulnik, Maritsa"]
[Result "1-0"]
[WhiteElo "1741"]
[BlackElo "2046"]
[WhiteFideId "1242040"]
[BlackFideId "14118688"]
[EventDate "2021.08.09"]

1. e4 c5 2. Nf3 e6 3. d4 cxd4 4. Nxd4 Nc6 5. Nc3 Qc7 6. Be3 Nf6 7. Qf3 Bb4 8.
Nb5 Qa5 9. O-O-O a6 10. Nd6+ Bxd6 11. Rxd6 Qc7 12. Rd1 O-O 13. Be2 d6 14. g4 b5
15. g5 Nd7 16. Qg3 b4 17. Qxd6 Qxd6 18. Rxd6 bxc3 19. Rxc6 cxb2+ 20. Kxb2 Bb7
21. Rc7 Bxe4 22. f3 Rfb8+ 23. Kc1 Rb7 24. Rxd7 Rxd7 25. fxe4 Rb7 26. Rd1 Rab8
27. Bxa6 Rb1+ 28. Kd2 R1b4 29. Bd3 Ra4 30. Ra1 Rba8 31. Rb1 Rxa2 32. Bf4 R2a5
33. e5 Rd8 34. Rb3 h6 35. gxh6 gxh6 36. Rb4 Kg7 37. Be3 Rad5 38. Rg4+ Kh8 39.
Bxh6 Rg8 40. Rxg8+ Kxg8 41. Bf4 f6 42. exf6 Kf7 43. c4 Ra5 44. Ke3 e5 45. Bg3
Kxf6 46. Ke4 Ke6 47. h4 Ra1 48. h5 Rg1 49. Bf2 Rh1 50. Be2 Kf6 51. Bg3 Ke6 52.
Bg4+ Kf6 53. Bxe5+ Kg5 54. Be2 Re1 55. Bf4+ Kf6 56. Ke3 Kf5 57. h6 1-0

[Event "21st ch-EUR Indiv w 2021"]
[Site "Iasi ROU"]
[Date "2021.08.18"]
[Round "9.49"]
[White "Verbin, Valentina"]
[Black "Batagan, Ilinca-Petra"]
[Result "1-0"]
[WhiteElo "2012"]
[BlackElo "1846"]
[WhiteFideId "13905910"]
[BlackFideId "1261002"]
[EventDate "2021.08.09"]

1. e4 c5 2. Nf3 d6 3. d4 cxd4 4. Nxd4 Nf6 5. Nc3 a6 6. Be3 e5 7. Nf3 Be7 8. Nd2
b5 9. a4 b4 10. Nd5 Nxd5 11. exd5 O-O 12. a5 Nd7 13. Nc4 f5 14. f3 Bb7 15. Be2
Qe8 16. Qd2 Nf6 17. Nb6 Rb8 18. O-O-O Bd8 19. Qxb4 Bxb6 20. axb6 Qd7 21. Kb1 f4
22. Bf2 Bxd5 23. Rxd5 Nxd5 24. Bc4 Kh8 25. Bxd5 Rfc8 26. Rd1 Qf5 27. Be4 Qg5 28.
b7 Rd8 29. Ba7 1-0

[Event "21st ch-EUR Indiv w 2021"]
[Site "Iasi ROU"]
[Date "2021.08.18"]
[Round "9.50"]
[White "Kostina, Veronika"]
[Black "Obada, Ema"]
[Result "0-1"]
[BlackTitle "WCM"]
[WhiteElo "1801"]
[BlackElo "1981"]
[WhiteFideId "34166235"]
[BlackFideId "1234803"]
[EventDate "2021.08.09"]

1. d4 e6 2. Nc3 d5 3. e4 Bb4 4. exd5 exd5 5. Nf3 Ne7 6. Be2 Nbc6 7. O-O Bf5 8.
Bf4 a6 9. a3 Bd6 10. Bg3 f6 11. Re1 O-O 12. Bf1 Qd7 13. Ne2 Ng6 14. c3 Bg4 15.
Bxd6 Qxd6 16. Ng3 f5 17. Be2 f4 18. Nf1 Rae8 19. h3 Bh5 20. N1h2 Re7 21. Bf1
Rxe1 22. Qxe1 Qf6 23. Bd3 Nce7 24. Bxg6 Nxg6 25. Qd2 Nh4 26. Nxh4 Qxh4 27. f3
Re8 28. Kf1 Qg3 29. Ng4 Bxg4 30. hxg4 Re6 31. Qf2 Qh2 32. Qg1 Qxg1+ 33. Kxg1 Re2
34. Rb1 Rc2 35. Kh2 Kf7 36. Kh3 Kf6 37. Kh2 h6 38. Kh3 b5 39. Kh2 Re2 40. b4 Ra2
41. Rb3 Kg5 42. Rb1 Rxa3 43. Re1 Rxc3 44. Re5+ Kf6 45. Rxd5 Rc4 46. Rd7 Rxb4 47.
Rxc7 Rxd4 48. Rc6+ Ke7 49. Rxa6 Rd6 50. Ra7+ Rd7 51. Ra1 Rb7 52. g3 g5 53. gxf4
gxf4 54. Ra6 b4 55. Rxh6 Rb8 56. Kg2 b3 57. Rh1 b2 58. Rb1 Ke6 59. Kh3 Kf6 60.
Kg2 Ke5 61. Kh3 Rb5 62. Kh4 Kf6 63. g5+ Kf5 64. Kh5 Rb3 65. Kh6 Rxf3 66. Rxb2
Rh3+ 67. Kg7 Kxg5 68. Rb1 f3 69. Kf7 f2 70. Rf1 Rf3+ 71. Ke6 Kf4 72. Kf6 Kg3+
73. Ke5 Kg2 0-1

[Event "21st ch-EUR Indiv w 2021"]
[Site "Iasi ROU"]
[Date "2021.08.18"]
[Round "9.51"]
[White "Froewis, Annika"]
[Black "Paraschiv, Petronela-Alexandra"]
[Result "1-0"]
[WhiteTitle "WFM"]
[WhiteElo "2107"]
[BlackElo "1979"]
[WhiteFideId "1621432"]
[BlackFideId "1233696"]
[EventDate "2021.08.09"]

1. e4 c5 2. Nf3 a6 3. c3 e6 4. d4 d5 5. e5 Bd7 6. a3 Qb6 7. Be2 Nc6 8. O-O cxd4
9. cxd4 g5 10. h3 h5 11. Nxg5 Qxd4 12. Bxh5 Nh6 13. Qb3 b5 14. Re1 Be7 15. Nf3
Qc4 16. Nbd2 Qc5 17. g4 Qb6 18. Qd3 Na5 19. Nb3 Nc4 20. Nbd4 b4 21. a4 Bc5 22.
b3 Na5 23. Be3 Rc8 24. Rac1 Nb7 25. Kg2 Kf8 26. Ng5 Be8 27. Rc2 Ng8 28. Rec1 Ne7
29. f4 Kg8 30. Bf2 Rh6 31. Ngf3 Bd7 32. Bh4 Ng6 33. Bxg6 Rxg6 34. Be7 Rc7 35.
Bf6 Kf8 36. Kg3 Qa5 37. h4 Bb6 38. Rxc7 Bxc7 39. h5 1-0

[Event "21st ch-EUR Indiv w 2021"]
[Site "Iasi ROU"]
[Date "2021.08.18"]
[Round "9.52"]
[White "Sankova, Stella"]
[Black "Maria, Lia-Alexandra"]
[Result "1-0"]
[WhiteTitle "WFM"]
[BlackTitle "WCM"]
[WhiteElo "2100"]
[BlackElo "1837"]
[WhiteFideId "14944200"]
[BlackFideId "1248952"]
[EventDate "2021.08.09"]

1. e4 c5 2. Nf3 d6 3. Bb5+ Nd7 4. d4 Nf6 5. Nc3 cxd4 6. Qxd4 e5 7. Qd3 Be7 8.
O-O O-O 9. Bc4 a6 10. a4 b6 11. Rd1 Bb7 12. Qe2 Qc7 13. Bg5 h6 14. Bh4 Rfc8 15.
Bb3 Bf8 16. Nd2 Be7 17. Nf1 Rab8 18. Ne3 Qc5 19. Nf5 Bf8 20. Rd3 g6 21. Rg3 Kh7
22. Qf3 Nh5 23. Bxf7 Nf4 24. Qg4 gxf5 25. Qg8# 1-0

[Event "21st ch-EUR Indiv w 2021"]
[Site "Iasi ROU"]
[Date "2021.08.18"]
[Round "9.53"]
[White "Donghvani, Nia"]
[Black "Trippold, Denise"]
[Result "1-0"]
[BlackTitle "WFM"]
[WhiteElo "1902"]
[BlackElo "2098"]
[WhiteFideId "13614649"]
[BlackFideId "1625594"]
[EventDate "2021.08.09"]

1. e4 c5 2. Nf3 e6 3. d4 cxd4 4. Nxd4 Nc6 5. Nc3 Qc7 6. Be3 a6 7. Qd2 Nf6 8. f3
b5 9. Nxc6 dxc6 10. O-O-O e5 11. Qf2 Be7 12. Bb6 Qb7 13. Bc5 O-O 14. Bd6 Bxd6
15. Rxd6 Qc7 16. Qc5 Bb7 17. Rd1 Rad8 18. Be2 Nd7 19. Qe3 Rfe8 20. g3 Qa5 21. a3
Qc7 22. f4 a5 23. f5 b4 24. Nb1 Qb6 25. Qxb6 Nxb6 26. Nd2 bxa3 27. bxa3 Na4 28.
Nb1 Nc5 29. Rxd8 Rxd8 30. Nc3 Kf8 31. Rd1 Rd4 32. Bd3 Ke7 33. Kd2 Kd6 34. Ke3
Kc7 35. Be2 Rxd1 36. Nxd1 Na4 37. g4 Kb6 38. g5 Kc5 39. h4 f6 40. gxf6 gxf6 41.
Nf2 Nb6 42. Ng4 Nd7 43. Nh6 Bc8 44. Ng8 Bb7 45. h5 Bc8 46. h6 Bb7 47. Kd2 Kd4
48. Bh5 Kxe4 49. Bg6 Kf3 50. Bxh7 Nf8 51. Nxf6 c5 52. Bg8 e4 53. h7 Nxh7 54.
Bxh7 Kf2 55. Ng4+ Kf3 56. Ne3 Bc8 57. Bg8 c4 58. Bxc4 1-0

[Event "21st ch-EUR Indiv w 2021"]
[Site "Iasi ROU"]
[Date "2021.08.18"]
[Round "9.54"]
[White "Allahverdiyeva, Ayan"]
[Black "Bashylina, Luisa"]
[Result "1-0"]
[WhiteTitle "WFM"]
[BlackTitle "WCM"]
[WhiteElo "2095"]
[BlackElo "1992"]
[WhiteFideId "13412590"]
[BlackFideId "12983292"]
[EventDate "2021.08.09"]

1. e4 c5 2. Nf3 a6 3. c4 Nc6 4. d4 cxd4 5. Nxd4 e5 6. Nf5 d6 7. Nc3 g6 8. Ne3
Bh6 9. Be2 Nge7 10. Nc2 Bxc1 11. Rxc1 f5 12. h4 f4 13. h5 g5 14. Bg4 Bxg4 15.
Qxg4 Qd7 16. Qxg5 Rg8 17. Qh6 Qg4 18. Rg1 Rg5 19. Qxh7 Rxh5 20. Nd5 Rxh7 21.
Nf6+ Kf7 22. Nxg4 Rg8 23. f3 Ke6 24. Rd1 Nc8 25. Kf2 Nb6 26. b3 Rgh8 27. g3 Rf8
28. Rh1 fxg3+ 29. Kxg3 Rfh8 30. Rxh7 Rxh7 31. f4 exf4+ 32. Kxf4 Rf7+ 33. Kg3 Rg7
34. Ne3 Ne7 35. Rf1 Nd7 36. Nf5 Nxf5+ 37. exf5+ Kf7 38. Kf4 Nf6 39. Nxf6 Kxf6
40. Re1 Rg2 41. Re6+ Kf7 42. Rxd6 Rf2+ 43. Ke5 Re2+ 44. Kd5 Rxa2 45. Rd7+ Kf6
46. Rxb7 Kxf5 47. Rf7+ Kg6 48. Rf3 1-0

[Event "21st ch-EUR Indiv w 2021"]
[Site "Iasi ROU"]
[Date "2021.08.18"]
[Round "9.55"]
[White "Trifoi, Mihaela-Ioana"]
[Black "Petrenko, Svetlana"]
[Result "0-1"]
[BlackTitle "IM"]
[WhiteElo "1807"]
[BlackElo "2018"]
[WhiteFideId "1246364"]
[BlackFideId "13900196"]
[EventDate "2021.08.09"]

1. e4 c5 2. Nf3 d6 3. Bb5+ Nd7 4. O-O a6 5. Bd3 b5 6. c3 Bb7 7. Bc2 Ngf6 8. Re1
e5 9. d4 Qc7 10. d5 a5 11. Nbd2 c4 12. a4 b4 13. cxb4 axb4 14. Qe2 Ba6 15. Nf1
g6 16. Qd2 Rb8 17. a5 Bg7 18. Ba4 O-O 19. Ng3 Nc5 20. Bc2 Rb5 21. h4 Rxa5 22.
Rxa5 Qxa5 23. h5 Bc8 24. hxg6 fxg6 25. Qe2 Ba6 26. Qd1 b3 27. Bb1 Qa1 28. Be3
Na4 29. Qd2 c3 30. bxc3 Qxc3 31. Rc1 Qxd2 32. Nxd2 b2 33. Rc7 Ng4 34. Ba7 Rf7
35. Rxf7 Kxf7 36. Bc2 Nc3 37. f3 Bh6 38. Nb1 Ne3 39. Bxe3 Bxe3+ 40. Kh2 Nxb1 41.
Bxb1 Bf4 42. Kh3 Bc8+ 0-1

[Event "21st ch-EUR Indiv w 2021"]
[Site "Iasi ROU"]
[Date "2021.08.18"]
[Round "9.56"]
[White "Babineca, Darja"]
[Black "Zelbova, Lada"]
[Result "1-0"]
[WhiteElo "1756"]
[BlackElo "2070"]
[WhiteFideId "1337440"]
[BlackFideId "23717882"]
[EventDate "2021.08.09"]

1. e4 c5 2. Nf3 d6 3. d4 cxd4 4. Nxd4 Nf6 5. Nc3 g6 6. Bg5 Bg7 7. Qd2 Nc6 8. Bb5
Bd7 9. Nxc6 bxc6 10. Bc4 Rb8 11. Bb3 O-O 12. Rd1 Be6 13. O-O Ng4 14. Rfe1 Ne5
15. Bh6 c5 16. Bxg7 Kxg7 17. Bxe6 fxe6 18. b3 h6 19. Ne2 Rb4 20. Nf4 Rf6 21. c3
Rb8 22. Nd3 Nxd3 23. Qxd3 e5 24. Rb1 Qb6 25. Re2 Qa5 26. Reb2 Rff8 27. b4 cxb4
28. cxb4 Qb6 29. a4 Qd4 30. Qxd4 exd4 31. b5 Rfc8 32. Kf1 Kf7 33. Rb3 e5 34.
R1b2 Kf6 35. Ke2 Rc4 36. Ra3 Ke6 37. a5 d5 38. Kd3 Rc7 39. Rab3 Rcb7 40. f4
dxe4+ 41. Kxe4 exf4 42. Kxd4 Rc8 43. b6 a6 44. Re2+ Kf5 45. Re5+ Kf6 46. Rc5
Rd8+ 47. Kc4 Rd6 48. Rc8 Rd2 49. Rc7 Rb8 50. Kc3 Rxg2 51. b7 Re2 52. Rb6+ Re6
53. Rc8 Rxb6 54. Rxb8 Rb5 55. Rf8+ Ke5 56. b8=Q+ 1-0

[Event "21st ch-EUR Indiv w 2021"]
[Site "Iasi ROU"]
[Date "2021.08.18"]
[Round "9.57"]
[White "Andries, Alexia"]
[Black "Von Herman, Brigitte"]
[Result "0-1"]
[BlackTitle "WFM"]
[WhiteElo "1420"]
[BlackElo "1991"]
[WhiteFideId "1267272"]
[BlackFideId "4628730"]
[EventDate "2021.08.09"]

1. d4 Nf6 2. c4 e6 3. Nc3 Bb4 4. f3 d5 5. a3 Be7 6. e4 dxe4 7. fxe4 e5 8. d5 Bc5
9. h3 Nxe4 10. Nxe4 Qh4+ 11. Kd2 Qxe4 12. Qf3 Bf5 13. Qxe4 Bxe4 14. Nf3 Bxf3 15.
gxf3 O-O 16. Bd3 c6 17. Kc2 cxd5 18. cxd5 Nd7 19. Re1 Rac8 20. Kb3 Bd4 21. Be3
Nc5+ 22. Kc2 Bxb2 23. Rad1 Nxd3+ 24. Kxd3 Rc3+ 25. Ke2 b6 26. d6 Rd8 27. Rd2
Bxa3 28. Red1 Rd7 29. Ra2 f6 30. Rda1 Bxd6 31. Rxa7 Rxa7 32. Rxa7 Bc5 33. Bd2
Ra3 34. Rxa3 Bxa3 35. Ke3 Kf7 36. Ke4 Ke6 37. h4 h5 38. Be3 Bc5 0-1

[Event "21st ch-EUR Indiv w 2021"]
[Site "Iasi ROU"]
[Date "2021.08.18"]
[Round "9.58"]
[White "Hercog, Nusa"]
[Black "Pirvan, Maria"]
[Result "1-0"]
[WhiteTitle "WFM"]
[WhiteElo "2000"]
[BlackElo "1628"]
[WhiteFideId "14614324"]
[BlackFideId "1262629"]
[EventDate "2021.08.09"]

1. d4 Nf6 2. c4 c5 3. d5 e6 4. Nc3 exd5 5. cxd5 d6 6. e4 g6 7. Qa4+ Nbd7 8. Bf4
a6 9. Nf3 Rb8 10. Qc2 b5 11. Be2 Qe7 12. Nd2 Bg7 13. O-O O-O 14. Rae1 Ne5 15. h3
Ne8 16. Bh2 Qc7 17. f4 Nd7 18. Nf3 Nb6 19. Qd2 b4 20. Nd1 Bd7 21. e5 Bb5 22.
Bxb5 axb5 23. Ne3 f6 24. exf6 Nxf6 25. Ng5 Rfe8 26. f5 Bh6 27. Ne6 Qd7 28. Bf4
Bxf4 29. Rxf4 Nh5 30. Rf3 Ng7 31. f6 1-0